000 00963cam a22003014i 4500
008
020 _a9781405197854 (paperback)
040 _aNUST
_cNUST
049 _aMAIN
090 _aGV706.4
_bCAR
100 1 _aCarless, David.
245 1 0 _aSport and physical activity for mental health /
_cDavid Carless and Kitrina Douglas.
264 1 _aWest Sussex :
_bWiley-Blackwell,
_c2010.
300 _aviii, 181 pages ;
_c25 cm
336 _atext
_btxt
_2rdacontent
337 _aunmediated
_bn
_2rdamedia
338 _avolume
_bnc
_2rdacarrier
505 0 _aIncludes Index
504 _aIncludes bibliographical references
650 0 _aSports
_xPsychological aspects.
650 0 _aExercise
_xPsychological aspects.
650 1 2 _aMental Disorders
_xrehabilitation.
700 1 _aDouglas, Kitrina.
907 _a.b10413856
_b01-03-22
_c18-02-22
003
005 20230120144505.0
942 _cBOOKS
_kGV706.4
_mCAR
999 _c97804
_d97804